000 00667nam a2200241Ia 4500
003 OSt
005 20221005130735.0
006 a|||||r|||| 00| 0
007 ta
008 221004b |||||||| |||| 00| 0 mal d
024 _a58067
037 _cTextual
040 _aCRL
_cCRL
_bmal
041 _2mal
_amal
082 _aO44v2.N5, 32K4
100 _aVarughese Edayaranmula K. M. Tr.
_9638579
245 0 _aSamakalina bharathiya sahityam
260 _c1964
650 _a MALAYALAM LITERATURE
_938866
650 _aINDIAN LITERATURE
942 _hO44v2.N5, 32K4
_cTEXL
_2cc
999 _c1058247
_d1058247